00459nam a2200145Ia 4500020001800000082001400018100002100032245003900053260004800092504003600140650002900176650001600205650005100221650004100272 a0-521-81137-6 a325 SHE-; aSheffer, Gabriel 0aDiaspora politics : at home abroad aCambridgebCambridge University Pressc2003 aIncludes bibliography and index aMigration, international aDeportation aEmigration and immigration - Political aspects aEmigration and immigration - History